[Event "Martinique-ch"]
[Site "Le Lamentin"]
[Date "2017.05.21"]
[Round "11"]
[White "Alcindor, Samuel"]
[Black "Chancerel, Dominique"]
[Result "1-0"]
[WhiteElo "1434"]
[BlackElo "1815"]
[PlyCount "67"]
[EventDate "2017.05.21"]
[EventType "tourn"]
[EventRounds "11"]
[EventCountry "MFR"]
[SourceTitle "EXT 2019"]
[Source "ChessBase"]
[SourceDate "2018.10.10"]
[SourceVersion "1"]
[SourceVersionDate "2018.10.10"]
[SourceQuality "1"]

1. e4 d6 2. d4 Nf6 3. Nc3 g6 4. Bf4 Bg7 5. Bd3 a6 6. Nge2 Nc6 7. Qd2 h5 8. f3 b5 9. a3 Bb7 10. d5 Ne5 11. Nd4 Nfd7 12. Na2 Nxd3+ 13. Qxd3 Nc5 14. Qe3 Qd7 15. Nb4 e6 16. Bg5 0-0 17. 0-0-0 Rfe8 18. Bh6 Bh8 19. dxe6 Nxe6 20. Nxe6 Qxe6 21. h3 a5 22. Nd5 b4 23. Nxc7 Qa2 24. Nxe8 Bxb2+ 25. Kd2 Bc3+ 26. Ke2 Qxc2+ 27. Rd2 Ba6+ 28. Kf2 Bxd2 29. Nf6+ Kh8 30. Qxd2 Qxd2+ 31. Bxd2 bxa3 32. Ra1 Kg7 33. Nd5 Bc4 34. Nb6 1-0

[Event "Martinique-ch"]
[Site "Madiana"]
[Date "2016.05.09"]
[Round "5"]
[White "Suez Panama, Gilles"]
[Black "Chancerel, Dominique"]
[Result "0-1"]
[WhiteElo "2022"]
[BlackElo "1853"]
[PlyCount "102"]
[EventDate "2016.05.05"]
[EventType "tourn"]
[EventRounds "11"]
[EventCountry "MFR"]
[SourceTitle "EXT 2019"]
[Source "ChessBase"]
[SourceDate "2018.10.10"]
[SourceVersion "1"]
[SourceVersionDate "2018.10.10"]
[SourceQuality "1"]

1. d4 Nf6 2. Nf3 d5 3. c4 e6 4. g3 c6 5. Qc2 Nbd7 6. Bg2 dxc4 7. Qxc4 Bd6 8. 0-0 h6 9. Nc3 0-0 10. Rd1 Qe7 11. e4 e5 12. Nh4 Nb6 13. Qb3 Kh7 14. Be3 Ng4 15. dxe5 Bxe5 16. Bd4 Bxd4 17. Rxd4 Be6 18. Qc2 g6 19. Nf3 Rad8 20. Rad1 Qf6 21. Rxd8 Rxd8 22. Rxd8 Qxd8 23. h4 Qd6 24. h5 Qc5 25. hxg6+ fxg6 26. Bf1 Bxa2 27. b4 Qf8 28. Nh4 Bf7 29. b5 Qc5 30. bxc6 bxc6 31. Qe2 h5 32. Nd1 Bb3 33. Qf3 Qb4 34. Nb2 Nd7 35. Nd3 Qd4 36. Qf4 a5 37. Nf3 Qg7 38. Ng5+ Kh8 39. Nc1 Bg8 40. Be2 Qf6 41. Qxf6+ Ngxf6 42. f4 Nc5 43. e5 Nfe4 44. Kg2 Nxg5 45. fxg5 a4 46. Bf3 a3 47. Bxc6 Nb3 48. Na2 Nd4 49. Nc3 Nxc6 50. Kf3 Nxe5+ 51. Kf4 Ng4 0-1

[Event "Martinique-ch 31th"]
[Site "Madiana"]
[Date "2015.05.16"]
[Round "1"]
[White "Verneuil, Pascal"]
[Black "Chancerel, Dominique"]
[Result "1-0"]
[WhiteElo "2127"]
[BlackElo "1839"]
[PlyCount "87"]
[EventDate "2015.05.16"]
[EventType "tourn"]
[EventRounds "11"]
[EventCountry "FRA"]
[SourceTitle "EXT 2016"]
[Source "ChessBase"]
[SourceDate "2015.10.08"]
[SourceVersion "1"]
[SourceVersionDate "2015.10.08"]
[SourceQuality "1"]

1. e4 c5 2. b3 d6 3. Bb2 Nc6 4. Bb5 Bd7 5. Ne2 Nf6 6. Nbc3 e5 7. 0-0 Be7 8. f4 0-0 9. d3 Qb6 10. Bc4 a6 11. Kh1 Qd8 12. a4 Bg4 13. h3 Bxe2 14. Nxe2 Rb8 15. fxe5 dxe5 16. a5 Qc7 17. Qd2 Rbd8 18. Ng3 h6 19. Bc3 Nh7 20. Nf5 Ng5 21. Qf2 Nd4 22. Rae1 Nxf5 23. Qxf5 Bf6 24. Re3 Qd7 25. Bxe5 Qxf5 26. Rxf5 Bxe5 27. Rxe5 Rc8 28. h4 Nh7 29. Re7 Rc6 30. Rxb7 Rf6 31. Rf3 g5 32. Rxf6 Nxf6 33. e5 Ng4 34. e6 Ne5 35. exf7+ Kg7 36. Re7 Nxc4 37. dxc4 g4 38. Kh2 Kf6 39. Ra7 h5 40. Rxa6+ Ke5 41. Rh6 Rxf7 42. Rxh5+ Kd4 43. Kg3 Ra7 44. Rd5+ 1-0

[Event "Martinique-ch"]
[Site "Schoelcher"]
[Date "2014.05.23"]
[Round "7"]
[White "Verneuil, Pascal"]
[Black "Chancerel, Dominique"]
[Result "1-0"]
[WhiteElo "2079"]
[BlackElo "1827"]
[PlyCount "95"]
[EventDate "2014.05.17"]
[EventType "tourn"]
[EventRounds "11"]
[EventCountry "FRA"]
[SourceTitle "CBM 160 Extra"]
[Source "ChessBase"]
[SourceDate "2014.07.01"]
[SourceVersion "1"]
[SourceVersionDate "2014.07.01"]
[SourceQuality "1"]

1. e4 e5 2. Nf3 Nf6 3. Nxe5 d6 4. Nf3 Nxe4 5. Bd3 Nc5 6. Qe2+ Be7 7. Bc4 d5 8. d4 Ne4 9. Bb5+ c6 10. Bd3 0-0 11. 0-0 Nf6 12. Re1 Bd6 13. Bg5 Bg4 14. h3 Bxf3 15. Qxf3 Nbd7 16. Nd2 h6 17. Bh4 a5 18. Nf1 Qb6 19. c3 Rfe8 20. b3 Ba3 21. Rad1 Qc7 22. Ne3 Ne4 23. Nf5 Re6 24. Bxe4 dxe4 25. Rxe4 Nf8 26. Rde1 Rae8 27. Bg3 Qd8 28. h4 Rxe4 29. Rxe4 Rxe4 30. Qxe4 Ne6 31. Be5 Bf8 32. c4 g6 33. Ne3 Qe7 34. d5 Nc5 35. Qd4 Nd7 36. Bg3 Nf6 37. d6 Qe6 38. c5 Nd7 39. Qc3 a4 40. bxa4 Qxa2 41. Qb4 Qe6 42. a5 h5 43. Qxb7 Nxc5 44. Qxc6 Ne4 45. Qd5 Nxg3 46. Qxe6 fxe6 47. d7 Be7 48. a6 1-0

[Event "Martinique-ch 29th"]
[Site "Fort de France"]
[Date "2013.05.21"]
[Round "7"]
[White "Chancerel, Dominique"]
[Black "Lafortune, Emerick"]
[Result "0-1"]
[WhiteElo "1832"]
[BlackElo "1713"]
[PlyCount "56"]
[EventDate "2013.05.18"]
[EventType "tourn"]
[EventRounds "11"]
[EventCountry "MFR"]
[SourceTitle "EXT 2014"]
[Source "ChessBase"]
[SourceDate "2013.11.20"]
[SourceVersion "1"]
[SourceVersionDate "2013.11.20"]
[SourceQuality "1"]

1. e4 c5 2. Nf3 Nc6 3. Bb5 g6 4. 0-0 Bg7 5. d3 Nf6 6. Nbd2 0-0 7. Re1 d6 8. c3 Bd7 9. Nf1 a6 10. Bxc6 Bxc6 11. Bg5 h6 12. Bd2 e5 13. Ng3 Ne8 14. a4 b5 15. axb5 Bxb5 16. c4 Bc6 17. Qc1 Kh7 18. Ba5 Qd7 19. h3 Nc7 20. Nh2 Ne6 21. Bd2 Nd4 22. Ra3 Rfb8 23. Ng4 f5 24. exf5 gxf5 25. Nxh6 f4 26. Nh5 Kxh6 27. Bxf4+ Kxh5 28. g4+ Kg6 0-1

[Event "Martinique-ch 29th"]
[Site "Fort de France"]
[Date "2013.05.18"]
[Round "1"]
[White "Chancerel, Dominique"]
[Black "Midonet, Matthieu"]
[Result "0-1"]
[WhiteElo "1832"]
[BlackElo "2138"]
[PlyCount "100"]
[EventDate "2013.05.18"]
[EventType "tourn"]
[EventRounds "11"]
[EventCountry "MFR"]
[SourceTitle "EXT 2014"]
[Source "ChessBase"]
[SourceDate "2013.11.20"]
[SourceVersion "1"]
[SourceVersionDate "2013.11.20"]
[SourceQuality "1"]

1. e4 c5 2. Nf3 Nc6 3. Bb5 e6 4. 0-0 Nge7 5. d4 cxd4 6. Nxd4 Qb6 7. Nxc6 bxc6 8. Be2 d5 9. Nd2 Ng6 10. exd5 cxd5 11. Nb3 Bd6 12. Be3 Qb8 13. g3 0-0 14. Bf3 Ne5 15. Bg2 a5 16. a4 Ba6 17. Re1 Rc8 18. Bd4 Nc6 19. Bc3 Bb4 20. Bxb4 Nxb4 21. c3 Nd3 22. Re2 Nc5 23. Nd4 Bxe2 24. Qxe2 Nb3 25. Nxb3 Qxb3 26. Ra3 Qb6 27. Bf1 Rab8 28. b3 Rxc3 29. Qe5 Rc2 30. Qf4 Qb4 31. Qxb4 Rxb4 32. Bb5 Rc3 33. Ra1 Rcxb3 34. Kg2 Rb1 35. Ra2 R4b2 36. Ra3 Rc1 37. h4 Rcc2 38. Rf3 Kf8 39. h5 h6 40. Bd7 Ke7 41. Bb5 e5 42. Rf5 f6 43. g4 d4 44. Kg3 Rc3+ 45. Kg2 d3 46. Rf3 d2 47. Rxc3 d1Q 48. Rc7+ Kd8 49. Rxg7 Qd5+ 50. Kg1 Rb1+ 0-1

[Event "Martinique-ch 29th"]
[Site "Fort de France"]
[Date "2013.05.18"]
[Round "3"]
[White "Chancerel, Dominique"]
[Black "Verneuil, Pascal"]
[Result "1/2-1/2"]
[WhiteElo "1832"]
[BlackElo "2069"]
[PlyCount "118"]
[EventDate "2013.05.18"]
[EventType "tourn"]
[EventRounds "11"]
[EventCountry "MFR"]
[SourceTitle "EXT 2014"]
[Source "ChessBase"]
[SourceDate "2013.11.20"]
[SourceVersion "1"]
[SourceVersionDate "2013.11.20"]
[SourceQuality "1"]

1. e4 c5 2. Nf3 e6 3. d4 cxd4 4. Nxd4 Nc6 5. Be3 Nf6 6. Nd2 d5 7. Bb5 Bd7 8. Nxc6 Bxc6 9. Bxc6+ bxc6 10. exd5 cxd5 11. 0-0 Be7 12. Nf3 0-0 13. Qd3 Ne4 14. c4 Nf6 15. Rfd1 dxc4 16. Qxc4 Qb8 17. Bd4 Nd5 18. Rac1 Rc8 19. Qa6 Nb4 20. Qa4 Qb7 21. Ne5 Rc7 22. a3 Nd5 23. Rxc7 Qxc7 24. Nc6 Bf6 25. Bxf6 Nxf6 26. b4 Nd5 27. Qc2 g6 28. g3 Qb7 29. Rc1 Rc8 30. Qc5 Qb6 31. b5 Kg7 32. Qxb6 axb6 33. Rc2 Ra8 34. Nb4 Rxa3 35. Nxd5 exd5 36. Rd2 Rb3 37. Rxd5 Kf8 38. f4 Ke7 39. Kg2 f6 40. f5 g5 41. h3 h5 42. Kf2 h4 43. gxh4 gxh4 44. Kg2 Rg3+ 45. Kh2 Re3 46. Kg2 Rg3+ 47. Kh2 Re3 48. Rd4 Re5 49. Rxh4 Rxb5 50. Rf4 Rb3 51. h4 Kf7 52. Rg4 Rb5 53. Rf4 Kg7 54. Kg3 Kh6 55. Kg4 Rb1 56. Rd4 Rg1+ 57. Kh3 Rh1+ 58. Kg3 Rg1+ 59. Kh3 Rh1+ 1/2-1/2